000 00381nam a2200145Ia 4500
008 210210b1981 xxu||||| |||| 00| 0 eng d
082 _a301 ADYS
100 _aADYANTHAYA (Hira).
245 _aSociology: Indian society.
260 _aBombay.
_bIndia Book House Publishing Co.,
_c1981
300 _ax,192
650 _aIndian Society
690 _aSociology
906 _aSG02298
999 _c113696
_d113696